|
|
|
|
| LEADER |
00000nam a2200000 a 4500 |
| 001 |
vtls008404695 |
| 003 |
SK-MaSNL |
| 005 |
20260302022727.0 |
| 008 |
251124s1929 xo slo |
| 015 |
|
|
|a SKSNBA19191938-013899
|
| 035 |
|
|
|a SK01SNKBSKHR20020096912
|
| 035 |
|
|
|a SKM000099375
|
| 040 |
|
|
|a SNK
|b slo
|c SNK
|e AACR2
|
| 041 |
1 |
|
|a slo
|h fre
|
| 044 |
|
|
|a xo
|c SK
|
| 080 |
|
|
|a 840
|2 1981
|
| 100 |
1 |
|
|a Verne, Jules,
|d 1828-1905
|4 aut
|9 221838
|
| 245 |
1 |
0 |
|a Dvadsaťtisíc míl pod morom
|c Jules Verne ; prel. Pavel Halaša
|
| 260 |
|
|
|a Žilina
|b O. Trávniček
|c 1929
|e Bratislava
|f Slov. Grafia
|
| 300 |
|
|
|a 347, [3] s.
|c 8°
|
| 500 |
|
|
|a Ilustr.
|
| 655 |
|
7 |
|a umelecká literatúra
|2 SNKPH
|9 60405
|
| 655 |
|
7 |
|a francúzske romány
|2 SNKPH
|9 70252
|
| 700 |
1 |
|
|a Halaša, Pavol,
|d 1885-1969
|4 trl
|9 108877
|
| 852 |
|
|
|a Slovenská národná knižnica v Martine
|b 10000
|h MS SD 2797
|
| 852 |
|
|
|a Univerzitná knižnica v Bratislave
|b 300000
|h SF 1856
|
| 852 |
|
|
|a Univerzitná knižnica v Bratislave
|b 300000
|h XXF 1041
|
| 958 |
|
|
|a RK
|
| 958 |
|
|
|a TL
|
| 958 |
|
|
|a OND
|
| 999 |
|
|
|c 1033907
|d 1035837
|
| 952 |
|
|
|t P60, <05>, [BOOK], {605}
|a SNK
|b SNK
|y PREZ
|7 0
|p 17A0337748
|o snkSD 2797 D1
|0 0
|1 0
|4 0
|d 2002-03-28
|l 0
|r 2005-01-02 00:00:00
|w 2026-02-24
|